Treasures from Sudan /

محفوظ في:

مؤلف مشترك: British Museum.

مؤلفون آخرون: Anderson, Julie R.

التنسيق: كتاب

اللغة: English

منشور في: London : British Museum Press, 2004.

الموضوعات:

الوسوم: إضافة وسم

لا توجد وسوم, كن أول من يضع وسما على هذه التسجيلة!

رقم الطلب: DT154.8 .S7512 2004

LEADER 00964namaa2200277 4500
001 14265
003 OSt
005 20250805115328.0
008 130303s2004 enka b 000 0 eng d
020 |a 0714119652 
040 |c ARCE Library 
043 |a f-sj--- 
050 4 |a DT154.8 .S7512 2004 
245 0 0 |a Treasures from Sudan /  |c edited by Julie R. Anderson. 
264 1 |a London :  |b British Museum Press,  |c 2004. 
300 |a 64 pages :  |b color illustrations ;  |c 25 cm. 
500 |a Supplementary volume written to accompany an exhibition and its catalog entitled Sudan, ancient treasures which was held at the British Museum, Autumn 2004. 
504 |a bibliography : page 64. 
610 2 0 |a Sudan National Museum  |v Exhibitions.  
650 0 |a Excavations (Archaeology)  |z Sudan  |v Exhibitions. 
651 0 |a Sudan  |x Antiquities  |v Exhibitions. 
700 1 |a Anderson, Julie R. 
710 2 |a British Museum. 
901 |a reviewed 
942 |c BK  |2 lcc 
999 |c 15041  |d 15041